| 000 | 00386nam a2200133Ia 4500 | ||
|---|---|---|---|
| 008 | 211109s9999||||xx |||||||||||||| ||und|| | ||
| 082 |
_a894.8124 _bKRI-N |
||
| 100 | _aKrishnan Muliyil, | ||
| 245 | 0 | _aNalacharitham Prose | |
| 260 |
_bNATIONAL BOOKSTALL _aKottayam _c1900 |
||
| 630 | _xGeneral Stack | ||
| 650 |
_aMalayalam Literature _vAttakathaMalayalam Essays _xMalayalam |
||
| 942 | _cBOOK | ||
| 999 |
_c1485 _d1485 |
||